[Event "CHI-chT"]
[Site "Santiago de Chile"]
[Date "2019.09.12"]
[Round "2.3"]
[White "Arancibia Guzman, Eduardo"]
[Black "Castro, Ernesto"]
[Result "1/2-1/2"]
[WhiteElo "2337"]
[BlackElo "1944"]
[PlyCount "100"]
[EventDate "2019.09.05"]
[EventType "team-swiss"]
[EventRounds "9"]
[EventCountry "CHI"]
[SourceTitle "CBM 193 Extra"]
[Source "ChessBase"]
[SourceDate "2020.01.31"]
[SourceVersion "1"]
[SourceVersionDate "2020.01.31"]
[SourceQuality "1"]
[WhiteTeam "Sertal"]
[BlackTeam "Sertal II"]
[WhiteTeamCountry "CHI"]
[BlackTeamCountry "CHI"]

1. c4 g6 2. Nc3 Bg7 3. Nf3 c5 4. a3 Nc6 5. g3 d6 6. Bg2 Nf6 7. 0-0 0-0 8. Rb1 a5 9. d3 Ne8 10. Ne1 Nc7 11. Nc2 Bd7 12. Bd2 Rb8 13. b4 axb4 14. axb4 cxb4 15. Nxb4 Nxb4 16. Rxb4 b5 17. cxb5 Nxb5 18. Nxb5 Rxb5 19. Rxb5 Bxb5 20. Qb3 Bd7 21. Rb1 Be6 22. Qb7 Qc8 23. Bg5 f6 24. Bf4 g5 25. Bd2 Qxb7 26. Rxb7 Kf7 27. Bb4 Rd8 28. Bc6 Kf8 29. d4 Bh3 30. f4 Bh6 31. e3 gxf4 32. gxf4 f5 33. Bd5 Bg7 34. Kf2 Bf6 35. Kg3 Bf1 36. Ba5 Ra8 37. Bb4 Rd8 38. Ra7 Rb8 39. Ba3 Rb6 40. Be6 Bd3 41. Ra5 Kg7 42. Ra8 Be4 43. Kf2 Rc6 44. Rg8+ Kh6 45. Rf8 Kg7 46. Rg8+ Kh6 47. Bb3 Rc3 48. Rb8 Bc2 49. Bxc2 Rxc2+ 50. Kf3 Rxh2 1/2-1/2

[Event "CHI-chT"]
[Site "Santiago de Chile"]
[Date "2019.09.05"]
[Round "1.3"]
[White "Sanchez Tobar, Francisca Valentina"]
[Black "Arancibia Guzman, Eduardo"]
[Result "0-1"]
[WhiteElo "1707"]
[BlackElo "2337"]
[PlyCount "54"]
[EventDate "2019.09.05"]
[EventType "team-swiss"]
[EventRounds "9"]
[EventCountry "CHI"]
[SourceTitle "CBM 193 Extra"]
[Source "ChessBase"]
[SourceDate "2020.01.31"]
[SourceVersion "1"]
[SourceVersionDate "2020.01.31"]
[SourceQuality "1"]
[WhiteTeam "Ajefem"]
[BlackTeam "Sertal"]
[WhiteTeamCountry "CHI"]
[BlackTeamCountry "CHI"]

1. e4 c5 2. Nf3 Nc6 3. Nc3 e6 4. d4 cxd4 5. Nxd4 a6 6. Be3 Qc7 7. Be2 Nf6 8. 0-0 Bb4 9. f3 Bxc3 10. bxc3 d5 11. Bg5 Nd7 12. exd5 exd5 13. Bd3 0-0 14. f4 Nc5 15. f5 f6 16. Bf4 Ne5 17. Qd2 Bd7 18. Rae1 Rac8 19. Re3 Rfe8 20. Rg3 Re7 21. Kh1 Ncxd3 22. Rxd3 Qc4 23. Qe2 Nxd3 24. Qxe7 Nxf4 25. Rxf4 Re8 26. Ne6 Rxe7 27. Rxc4 dxc4 0-1